Globalizacion [monografía] /

Guardado en:
Autor Principal: De Mattia Luciana
Otros Autores: Pohle Guillermomurillas Albertina
Formato: Libro
Publicado: Bah¡a Blanca : , 1997
Materias:
Fc
Etiquetas: Agregar Etiqueta
Sin Etiquetas, Sea el primero en etiquetar este registro!
LEADER 00547nam a22002055a 4500
001 CEM.cems009984
005 20060214000000.0
008 130507s1997##################000#0#####d
003 CEMS
082 0 4 |a F382 
100 1 |a De Mattia Luciana 
245 1 0 |a Globalizacion [monografía] / 
260 |a Bah¡a Blanca :  |b ,  |c 1997 
300 |a 16 p. 
653 |a Bloques economicos 
653 |a Fc 
653 |a Globalizacion 
653 |a Mercosur 
700 1 |a Pohle Guillermomurillas Albertina 
859 |a CEMS  |b BIB. CEMS - 11 de abril  |h F382  |i 1-2  |p 1618.44  |t Ej.1